[Event "HEM 2015 B Turnier"]
[Site "Frankfurt-Sossenheim"]
[Date "2015.??.??"]
[Round "3.1"]
[White "Juhnke, Peter"]
[Black "Henninger, Sascha"]
[Result "1/2-1/2"]
[WhiteElo "1900"]
[BlackElo "1777"]
[PlyCount "69"]
[EventDate "2015.??.??"]
[WhiteTeam "SC Eschborn"]
[BlackTeam "SC Sulzbach"]

1. d4 Nf6 2. Qd3 g6 3. Bg5 Bg7 4. Nd2 c5 5. d5 d6 6. e4 Nbd7 7. h3 b5 8. Qe3 h6
9. Bf4 Nh5 10. Rb1 Nxf4 11. Qxf4 Qa5 12. Ngf3 Nb6 13. Be2 f5 14. Qg3 O-O 15. e5
Nxd5 16. O-O dxe5 17. Nb3 Qb6 18. Nxe5 Bxe5 19. Qxe5 Bb7 20. c4 bxc4 21. Bxc4
e6 22. Rfe1 Rae8 23. Qg3 Kg7 24. Re5 Nf6 25. Rxc5 Ne4 26. Rc7+ Kf6 27. Qh4+ Ng5
28. Rd7 Qc6 29. Qd4+ e5 30. Rd6+ Re6 31. Rxc6 exd4 32. Rxe6+ Nxe6 33. Bxe6 Kxe6
34. Nxd4+ Ke5 35. Nb5 1/2-1/2

[Event "HEM 2015 B Turnier"]
[Site "Frankfurt-Sossenheim"]
[Date "2015.??.??"]
[Round "3.2"]
[White "Will, Steffen"]
[Black "Launert, Martin"]
[Result "0-1"]
[WhiteElo "1705"]
[BlackElo "1871"]
[PlyCount "74"]
[EventDate "2015.??.??"]
[WhiteTeam "SC Bad Nauheim"]
[BlackTeam "Sfr. Erbach"]

1. e4 e5 2. Nf3 Nc6 3. d4 exd4 4. Nxd4 Nf6 5. f3 Bb4+ 6. c3 Be7 7. Be3 d6 8.
Nd2 O-O 9. Be2 Ne5 10. Qc2 Bd7 11. h3 c5 12. Nf5 Bxf5 13. exf5 Nd5 14. Bf2 Nf4
15. Bf1 a6 16. O-O-O Qa5 17. Kb1 d5 18. g3 Nh5 19. f4 Nd7 20. Nb3 Qc7 21. Rxd5
Qc6 22. Bg2 Nhf6 23. Rhd1 Nxd5 24. Bxd5 Qc7 25. Bg1 Nf6 26. Bh1 Rad8 27. Rf1 b6
28. g4 a5 29. g5 Nh5 30. Bh2 Bd6 31. Qc1 a4 32. Nd2 Bxf4 33. Bxf4 Nxf4 34. Ne4
Nd3 35. Qe3 Qh2 36. Nd2 Rfe8 37. Be4 Rxe4 0-1

[Event "HEM 2015 B Turnier"]
[Site "Frankfurt-Sossenheim"]
[Date "2015.??.??"]
[Round "3.3"]
[White "Zalewski, Ulrich"]
[Black "Werle, Joshua"]
[Result "1-0"]
[WhiteElo "1838"]
[BlackElo "1776"]
[PlyCount "139"]
[EventDate "2015.??.??"]
[WhiteTeam "SK Gießen"]
[BlackTeam "Frankfurter TV"]

1. e4 Nf6 2. Nc3 d5 3. e5 Nfd7 4. d4 c5 5. dxc5 e6 6. Be3 Nxe5 7. f4 Nec6 8.
Nf3 Nd7 9. Bb5 a6 10. Bxc6 bxc6 11. b4 a5 12. a3 Ba6 13. Bd4 Be7 14. Ne2 Qb8
15. c3 Bf6 16. O-O Bxd4+ 17. Nfxd4 Qc7 18. Rf3 Nf6 19. Ng3 h5 20. Qe1 Kd7 21.
Qe5 h4 22. Nf1 Rh5 23. Qxc7+ Kxc7 24. Nd2 a4 25. Re1 g6 26. Re5 Rah8 27. h3 Nd7
28. Rxh5 Rxh5 29. Re3 g5 30. fxg5 e5 31. Nf5 f6 32. Nf3 e4 33. N3xh4 fxg5 34.
Ng6 g4 35. hxg4 Rg5 36. Nfe7 Rxg4 37. g3 Bb5 38. Kg2 Kd8 39. Kh3 Nf6 40. Ne5
Bf1+ 41. Kh2 Kxe7 42. Re1 Bb5 43. Nxg4 Nxg4+ 44. Kh3 Ne5 45. g4 Kf6 46. Rg1 Kg5
47. Rg3 Bf1+ 48. Kh2 e3 49. Kg1 e2 50. Kf2 Nxg4+ 51. Ke1 Kf4 52. Rxg4+ Kxg4 53.
b5 Kf3 54. b6 d4 55. cxd4 Ke3 56. b7 Kxd4 57. b8=Q Kxc5 58. Qb4+ Kd5 59. Qxa4
c5 60. Qc2 Kc6 61. Qc4 Kb6 62. a4 Kc6 63. Qe6+ Kb7 64. a5 Ka7 65. Qb6+ Ka8 66.
Qxc5 Kb8 67. Qb6+ Ka8 68. Qc6+ Ka7 69. a6 Bg2 70. Qxg2 1-0

[Event "HEM 2015 B Turnier"]
[Site "Frankfurt-Sossenheim"]
[Date "2015.??.??"]
[Round "3.4"]
[White "Weber, Simon"]
[Black "Schellen, Sven"]
[Result "1/2-1/2"]
[WhiteElo "1407"]
[BlackElo "1797"]
[PlyCount "96"]
[EventDate "2015.??.??"]
[WhiteTeam "SC Langenbieber"]
[BlackTeam "SF Frankfurt"]

1. e4 Nf6 2. e5 Nd5 3. d4 d6 4. exd6 cxd6 5. Nf3 g6 6. c4 Nb6 7. Be3 Bg7 8. Nc3
O-O 9. Be2 Bg4 10. O-O Nc6 11. b3 e5 12. dxe5 dxe5 13. Rc1 f5 14. h3 Bxf3 15.
Bxf3 e4 16. Be2 f4 17. Qxd8 Raxd8 18. Bxb6 axb6 19. Nxe4 Rde8 20. Bd3 f3 21.
Rfe1 Nd4 22. Nc3 Rd8 23. Nd5 Rfe8 24. g3 g5 25. Rxe8+ Rxe8 26. Kf1 Re6 27. Re1
Rh6 28. Re8+ Kf7 29. Re7+ Kf8 30. Ke1 Rxh3 31. Kd2 Rh1 32. Rxb7 Ra1 33. Ke3
Rxa2 34. Rxg7 Kxg7 35. Kxd4 Rxf2 36. Ke3 Rb2 37. Kxf3 Rxb3 38. Ke4 h5 39. Ne3
Kf6 40. Nd5+ Ke6 41. Be2 h4 42. Bg4+ Kd6 43. gxh4 gxh4 44. Nf4 Kc5 45. Be6 Rb4
46. Nd3+ Kd6 47. Nxb4 Kxe6 48. Nd3 Kd6 1/2-1/2

[Event "HEM 2015 B Turnier"]
[Site "Frankfurt-Sossenheim"]
[Date "2015.??.??"]
[Round "3.5"]
[White "Hafensteiner, Tim"]
[Black "Genis, Roy"]
[Result "1-0"]
[WhiteElo "1689"]
[BlackElo "1952"]
[PlyCount "45"]
[EventDate "2015.??.??"]
[WhiteTeam "Biebertaler SF"]
[BlackTeam "vereinslos, Rodgau"]

1. e4 e5 2. Nf3 Nc6 3. d4 exd4 4. Nxd4 Qh4 5. Nc3 Bb4 6. Be2 Qxe4 7. Ndb5 Bxc3+
8. bxc3 Kd8 9. O-O Nf6 10. Re1 Re8 11. Bg5 d6 12. Qd2 Qg6 13. Rad1 Bd7 14. Nxc7
Re5 15. Bxf6+ Qxf6 16. Nxa8 d5 17. Bf3 Rxe1+ 18. Rxe1 d4 19. Bxc6 bxc6 20. cxd4
Kc8 21. Qb4 Be6 22. Qd6 Qd8 23. Qxc6+ 1-0

[Event "HEM 2015 B Turnier"]
[Site "Frankfurt-Sossenheim"]
[Date "2015.??.??"]
[Round "3.6"]
[White "Grzeschniok, Anton"]
[Black "Willenbring, Jens-Dirk"]
[Result "1-0"]
[WhiteElo "1895"]
[BlackElo "1753"]
[PlyCount "93"]
[EventDate "2015.??.??"]
[WhiteTeam "SC Eschborn"]
[BlackTeam "Bad Vilbeler Sfr"]

1. e4 e5 2. Nf3 Nc6 3. Nc3 d6 4. d4 exd4 5. Nxd4 Bd7 6. Bc4 Nf6 7. Be3 Be7 8.
Qd2 Ne5 9. Bb3 Nc6 10. Nxc6 Bxc6 11. f3 a6 12. O-O-O Qd7 13. g4 h6 14. h4 Rf8
15. g5 hxg5 16. hxg5 Ng8 17. Rh7 g6 18. Rg7 O-O-O 19. Rxf7 Rxf7 20. Bxf7 Rf8
21. Bxg6 Qd8 22. Bf5+ Bd7 23. Bxd7+ Qxd7 24. f4 Qh3 25. f5 Bd8 26. f6 Nxf6 27.
gxf6 Bxf6 28. Nd5 Be5 29. Bd4 Bxd4 30. Qxd4 Qh6+ 31. Kb1 Kb8 32. a3 Qe6 33. Rg1
Re8 34. Nc3 c5 35. Qd5 Qxd5 36. exd5 b5 37. Rg6 Kc7 38. Rg7+ Kc8 39. Ra7 b4 40.
axb4 cxb4 41. Ra8+ Kd7 42. Rxe8 Kxe8 43. Ne4 Kd7 44. Ka2 a5 45. Kb3 Kc7 46. Ka4
Kb6 47. b3 1-0

[Event "HEM 2015 B Turnier"]
[Site "Frankfurt-Sossenheim"]
[Date "2015.??.??"]
[Round "3.7"]
[White "Weber, Andreas"]
[Black "Wachsmann, Dietmar"]
[Result "1/2-1/2"]
[WhiteElo "1869"]
[BlackElo "1743"]
[PlyCount "48"]
[EventDate "2015.??.??"]
[WhiteTeam "SC Flörsheim"]
[BlackTeam "SC Groß-Umstadt"]

1. e4 c5 2. d4 e6 3. Nf3 cxd4 4. c3 Nf6 5. e5 Nd5 6. Qxd4 Nc6 7. Qe4 d6 8. g3
Qc7 9. exd6 Bxd6 10. Bg2 a6 11. O-O b5 12. Rd1 Bb7 13. Qg4 O-O 14. Ng5 Nf6 15.
Qe2 Rad8 16. Ne4 Nxe4 17. Bxe4 Ne5 18. Bf4 Nc4 19. Bxd6 Rxd6 20. Rxd6 Nxd6 21.
Bxb7 Qxb7 22. Nd2 Rd8 23. Rd1 Nf5 24. Ne4 Rxd1+ 1/2-1/2

[Event "HEM 2015 B Turnier"]
[Site "Frankfurt-Sossenheim"]
[Date "2015.??.??"]
[Round "3.8"]
[White "Rafiee, Kayvan"]
[Black "Saluvar, Buelent"]
[Result "1/2-1/2"]
[WhiteElo "1861"]
[BlackElo "1718"]
[PlyCount "55"]
[EventDate "2015.??.??"]
[WhiteTeam "Kasseler SK"]
[BlackTeam "SC Münster"]

1. e4 e6 2. d3 d5 3. Nd2 Nf6 4. Ngf3 dxe4 5. dxe4 Bc5 6. Bd3 Nc6 7. Nb3 Bb6 8.
c3 e5 9. h3 h6 10. O-O Qe7 11. Qe2 Bd7 12. Nbd2 a6 13. Nc4 Ba7 14. Be3 b5 15.
Na3 Na5 16. b4 Nb7 17. Bxa7 Rxa7 18. Rfe1 O-O 19. Qb2 c5 20. Nc2 c4 21. Bf1 Nd6
22. Nd2 Bc6 23. f3 Rd8 24. Rad1 Nh5 25. Ne3 Nf4 26. Nb1 Qg5 27. Kh2 Rad7 28.
Qf2 1/2-1/2

[Event "HEM 2015 B Turnier"]
[Site "Frankfurt-Sossenheim"]
[Date "2015.??.??"]
[Round "3.9"]
[White "Diehl, Stefan"]
[Black "Alonzo, Desi"]
[Result "0-1"]
[WhiteElo "1815"]
[BlackElo "1699"]
[PlyCount "134"]
[EventDate "2015.??.??"]
[WhiteTeam "SC Höchst"]
[BlackTeam "SK Herborn"]

1. f4 Nf6 2. Nf3 c5 3. g3 Nc6 4. Bg2 d5 5. O-O Bf5 6. Nh4 Qd7 7. Nxf5 Qxf5 8.
d3 h5 9. Nd2 O-O-O 10. Nf3 h4 11. Nxh4 Rxh4 12. gxh4 e6 13. c3 Be7 14. Qe1 Rh8
15. e4 Qh7 16. e5 Ne8 17. Qe2 Bxh4 18. f5 Bd8 19. Bf4 Ne7 20. fxe6 fxe6 21. Qg4
Nc7 22. Rf3 Nf5 23. Rh3 Qg8 24. Rxh8 Qxh8 25. c4 g5 26. Bd2 Qxe5 27. Re1 Qxb2
28. Bxg5 Qg7 29. h4 Nxh4 30. Qxh4 Bxg5 31. Qh3 Qd4+ 32. Kh1 Bf4 33. cxd5 Qc3
34. Rf1 Bd6 35. dxe6 Kb8 36. Qh7 a6 37. e7 Qe5 38. Rb1 b5 39. a4 b4 40. Qg8+
Ka7 41. Qh7 Qxe7 42. Qxe7 Bxe7 43. Re1 Bd6 44. Kg1 Kb6 45. Kf2 Ka5 46. Bc6 b3
47. Ke2 Kb4 48. Kd2 Bf4+ 49. Kd1 Ka3 50. Re2 a5 51. Rf2 b2 52. Kc2 Be3 53. Rf1
Na6 54. Be8 Nb4+ 55. Kb1 Bd4 56. Rf5 Na2 57. Rf1 Nc3+ 58. Kc2 Nd5 59. Kb1 Nc3+
60. Kc2 Nxa4 61. Bxa4 Kxa4 62. Rf4 Ka3 63. Rf7 Ka2 64. Rb7 a4 65. Rb5 a3 66.
Rb3 Bf2 67. Rb5 Be1 0-1

[Event "HEM 2015 B Turnier"]
[Site "Frankfurt-Sossenheim"]
[Date "2015.??.??"]
[Round "3.10"]
[White "Englert, Fred"]
[Black "Deppe, Leo"]
[Result "1/2-1/2"]
[WhiteElo "1795"]
[BlackElo "1694"]
[PlyCount "103"]
[EventDate "2015.??.??"]
[WhiteTeam "SK Klingenberg"]
[BlackTeam "SC Bad Soden"]

1. c4 Nf6 2. g3 g6 3. Bg2 Bg7 4. Nc3 O-O 5. Nf3 d6 6. O-O Nc6 7. d4 e5 8. dxe5
dxe5 9. a3 a5 10. Qc2 Re8 11. Rd1 Qe7 12. Bg5 Be6 13. Ne4 Bf5 14. Bxf6 Bxe4 15.
Qxe4 Bxf6 16. Rd2 Red8 17. Rad1 Bg7 18. Rxd8+ Rxd8 19. Rxd8+ Qxd8 20. Qc2 b6
21. e3 Qd6 22. Ng5 Nd8 23. Ne4 Qe7 24. Nc3 Ne6 25. Qe4 Qd8 26. Nd5 f5 27. Qc2
c6 28. Nc3 e4 29. f3 exf3 30. Bxf3 Qd6 31. Na4 b5 32. cxb5 cxb5 33. Qc8+ Nf8
34. Nc3 b4 35. Qc4+ Kh8 36. axb4 axb4 37. Nd5 Bxb2 38. Nxb4 Qd2 39. Nd5 Qe1+
40. Qf1 Qxf1+ 41. Kxf1 Kg7 42. Ke2 Nd7 43. h3 Ne5 44. e4 Nxf3 45. Kxf3 fxe4+
46. Kxe4 Kh6 47. g4 Kg5 48. Kf3 Kh4 49. Kg2 Kg5 50. Kf3 Kh4 51. Kg2 Kg5 52. Kf3
1/2-1/2

[Event "HEM 2015 B Turnier"]
[Site "Frankfurt-Sossenheim"]
[Date "2015.??.??"]
[Round "3.11"]
[White "Krist, Stephan"]
[Black "Kuersten, Susanne"]
[Result "0-1"]
[WhiteElo "1326"]
[BlackElo "1786"]
[PlyCount "62"]
[EventDate "2015.??.??"]
[WhiteTeam "SVG Lauterbach"]
[BlackTeam "SV Lok Engelsdorf"]

1. e4 e5 2. Nf3 Nc6 3. Bb5 a6 4. Ba4 d6 5. c3 Nf6 6. O-O Be7 7. d4 b5 8. Bb3
Bg4 9. d5 Na5 10. Bc2 h6 11. Qd3 O-O 12. h3 Bh5 13. Nh4 Nb7 14. Nf5 Bg6 15. Qf3
Kh8 16. Nd2 Nc5 17. b4 Nb7 18. a4 Qd7 19. Bb2 Bxf5 20. exf5 a5 21. bxa5 Rxa5
22. axb5 Rxa1 23. Rxa1 Qxb5 24. Bb3 Nc5 25. c4 Qb6 26. Qc3 Rb8 27. Ra3 Nfe4 28.
Nxe4 Nxe4 29. Qe3 Nc5 30. Bxe5 dxe5 31. Qxe5 Bf6 0-1

[Event "HEM 2015 B Turnier"]
[Site "Frankfurt-Sossenheim"]
[Date "2015.??.??"]
[Round "3.12"]
[White "Niedenthal, Robert"]
[Black "Poetsch, Leonore"]
[Result "1/2-1/2"]
[WhiteElo "1781"]
[BlackElo "1657"]
[PlyCount "122"]
[EventDate "2015.??.??"]
[WhiteTeam "SV Hofheim"]
[BlackTeam "SK Langen"]

1. c4 b6 2. d4 e6 3. a3 Bb7 4. Nc3 Nf6 5. d5 exd5 6. cxd5 Be7 7. g3 O-O 8. Bg2
c5 9. e4 Bd6 10. Nge2 a6 11. O-O b5 12. f4 c4 13. Be3 Qc7 14. e5 Bc5 15. Bd4
Ng4 16. Qd2 d6 17. exd6 Qxd6 18. h3 Nf6 19. Kh2 Bxd4 20. Qxd4 Nbd7 21. Rad1
Rad8 22. Ne4 Nxe4 23. Bxe4 Nc5 24. Nc3 Nb3 25. Qe5 Rfe8 26. Qxd6 Rxd6 27. Rfe1
Red8 28. Bg2 f5 29. Re5 g6 30. Rde1 Nc5 31. Re8+ Rxe8 32. Rxe8+ Kf7 33. Rh8 Kg7
34. Re8 Rd7 35. Re2 Kf7 36. g4 fxg4 37. hxg4 Re7 38. Re5 Rd7 39. Re2 Nd3 40.
Kg3 Rd8 41. g5 Re8 42. Ne4 Kf8 43. d6 Bxe4 44. Bxe4 Nc5 45. Kf3 Nxe4 46. Rxe4
Rd8 47. Rd4 Kf7 48. Ke4 Ke6 49. d7 Rxd7 50. Rxd7 Kxd7 51. Kd5 Kc7 52. Kc5 Kb7
53. a4 bxa4 54. Kxc4 Kc6 55. Kb4 Kd5 56. Kxa4 Ke4 57. Ka5 Kxf4 58. Kxa6 Kxg5
59. b4 h5 60. b5 h4 61. b6 h3 1/2-1/2

[Event "HEM 2015 B Turnier"]
[Site "Frankfurt-Sossenheim"]
[Date "2015.??.??"]
[Round "3.13"]
[White "Mauersberger, Uwe"]
[Black "Anhalt, Albert"]
[Result "0-1"]
[WhiteElo "1486"]
[BlackElo "1896"]
[PlyCount "66"]
[EventDate "2015.??.??"]
[WhiteTeam "SC Eschborn"]
[BlackTeam "SG Idstein"]

1. e4 e5 2. Nf3 Nc6 3. Bc4 Be7 4. d4 d6 5. d5 Nb8 6. h3 Nf6 7. Nc3 O-O 8. O-O
a6 9. a4 Nbd7 10. Re1 Rb8 11. b4 c6 12. b5 cxb5 13. axb5 Qc7 14. Qd3 Nb6 15.
Bb3 Bd7 16. bxa6 bxa6 17. Rxa6 Rfc8 18. Bd2 Be8 19. Rea1 Rb7 20. Ne2 Nfd7 21.
Ba5 Nc5 22. Bxb6 Rxb6 23. Ra7 Nxd3 24. Rxc7 Rxc7 25. Ra8 Bf8 26. Rxe8 Nc5 27.
Ng3 Nxb3 28. cxb3 g6 29. Rd8 Kg7 30. h4 Be7 31. Ra8 Rxb3 32. h5 Rb2 33. Re8 Bf6
0-1

[Event "HEM 2015 B Turnier"]
[Site "Frankfurt-Sossenheim"]
[Date "2015.??.??"]
[Round "3.14"]
[White "Wiegand, Helmut"]
[Black "Pleyer, Christian"]
[Result "0-1"]
[WhiteElo "1956"]
[BlackElo "1683"]
[PlyCount "52"]
[EventDate "2015.??.??"]
[WhiteTeam "Sfr. Wieseck"]
[BlackTeam "SC Langenbieber"]

1. e4 e5 2. Qe2 Nc6 3. c3 Bc5 4. Nf3 d6 5. d3 Qe7 6. Be3 Bxe3 7. Qxe3 f5 8. g3
fxe4 9. dxe4 Nf6 10. Nbd2 Be6 11. Ng5 Ng4 12. Qe2 Qxg5 13. h4 Qf6 14. Bg2 Qf7
15. Rf1 Nf6 16. f4 exf4 17. gxf4 Qh5 18. Qf2 Qc5 19. Qg3 Nh5 20. Qd3 O-O-O 21.
b4 Qb6 22. a4 a6 23. Rb1 Rhf8 24. a5 Nxf4 25. Rxf4 Qg1+ 26. Qf1 Qe3+ 0-1

[Event "HEM 2015 B Turnier"]
[Site "Frankfurt-Sossenheim"]
[Date "2015.??.??"]
[Round "3.15"]
[White "Krastev, Alexander"]
[Black "Lopez, Victor"]
[Result "0-1"]
[WhiteElo "1940"]
[BlackElo "1669"]
[PlyCount "72"]
[EventDate "2015.??.??"]
[WhiteTeam "Biebertaler SF"]
[BlackTeam "SC Höchst"]

1. e4 e5 2. Nf3 Nc6 3. Bc4 Bc5 4. c3 Nf6 5. d3 d6 6. Nbd2 O-O 7. Bb3 Bb6 8. Nf1
h6 9. Ng3 Na5 10. Bc2 c5 11. O-O Nc6 12. Re1 Re8 13. Nh4 Ne7 14. h3 Kh7 15. Bb3
Be6 16. Ba4 Bd7 17. Bc2 Nfg8 18. f4 Ng6 19. Nxg6 fxg6 20. Kh2 Bc7 21. fxe5 dxe5
22. Be3 Bd6 23. Bb3 Be6 24. Bd5 Bxd5 25. exd5 e4 26. c4 Nf6 27. Bf2 Qc7 28.
dxe4 Nxe4 29. Qf3 Ng5 30. Qd3 Rf8 31. Re2 Rf4 32. Rf1 Raf8 33. Kg1 Kh8 34. b3
b6 35. Qxg6 R4f6 36. Qd3 Bxg3 0-1

[Event "HEM 2015 B Turnier"]
[Site "Frankfurt-Sossenheim"]
[Date "2015.??.??"]
[Round "3.16"]
[White "Froehlich-Dill, Astrid"]
[Black "Davidov, Georgi"]
[Result "1/2-1/2"]
[WhiteElo "1925"]
[BlackElo "1662"]
[PlyCount "132"]
[EventDate "2015.??.??"]
[WhiteTeam "SV Hofheim"]
[BlackTeam "SC Rotenburg"]

1. d4 d5 2. Nf3 e6 3. c4 Bb4+ 4. Nc3 Nf6 5. a3 Bxc3+ 6. bxc3 O-O 7. Bg5 Nbd7 8.
e3 c6 9. Bd3 Qa5 10. Qc2 dxc4 11. Bxc4 Nd5 12. Bxd5 cxd5 13. O-O Nf6 14. Bf4
Bd7 15. Rfc1 Rfc8 16. Qb2 Qb5 17. Qa2 Ne4 18. a4 Qa6 19. c4 dxc4 20. Ne5 Be8
21. Nxc4 g5 22. Be5 f6 23. f3 fxe5 24. fxe4 exd4 25. exd4 Bg6 26. e5 Qc6 27.
Qd2 Qd5 28. Nd6 Rc6 29. Rxc6 bxc6 30. Rc1 Rb8 31. h3 h6 32. Rc5 Qb3 33. a5 Qb1+
34. Rc1 Qxc1+ 35. Qxc1 Rb1 36. Qxb1 Bxb1 37. Nc8 a6 38. Ne7+ Kf7 39. Nxc6 Bd3
40. Kf2 h5 41. g3 Bc4 42. Ke3 Kg6 43. Nb4 Kf5 44. Kf3 g4+ 45. hxg4+ hxg4+ 46.
Ke3 Bb5 47. Nd3 Bc6 48. Nf2 Bf3 49. Kd3 Bc6 50. Kc4 Bf3 51. Kc5 Bg2 52. Kd6 Bd5
53. Nd1 Bb3 54. Nc3 Bc4 55. d5 exd5 56. Nxd5 Ke4 57. Nf6+ Kf5 58. Nd5 Ke4 59.
Nc7 Kf3 60. e6 Kxg3 61. e7 Bf7 62. Ke5 Kf3 63. Ne6 Be8 64. Nf4 g3 65. Kf5 Bd7+
66. Ke5 Ke3 1/2-1/2

[Event "HEM 2015 B Turnier"]
[Site "Frankfurt-Sossenheim"]
[Date "2015.??.??"]
[Round "3.17"]
[White "Fuchs, Andreas"]
[Black "Warnk, Torsten"]
[Result "0-1"]
[WhiteElo "1663"]
[BlackElo "1845"]
[PlyCount "48"]
[EventDate "2015.??.??"]
[WhiteTeam "SC Ober-Ramstadt"]
[BlackTeam "Sges Bensheim"]

1. e4 e6 2. d4 d5 3. Nc3 Bb4 4. e5 c5 5. a3 cxd4 6. Qxd4 Nc6 7. Bb5 Bd7 8. Bxc6
Bxc3+ 9. bxc3 Bxc6 10. Nf3 Ne7 11. O-O Qc7 12. a4 O-O 13. Ba3 Rfc8 14. Qh4 Ng6
15. Qh5 Be8 16. Bb2 Qc4 17. Kh1 h6 18. g4 Qe4 19. g5 Nxe5 20. Kg2 Qxf3+ 21.
Qxf3 Nxf3 22. Kxf3 hxg5 23. Rg1 f6 24. Rg4 Bh5 0-1

[Event "HEM 2015 B Turnier"]
[Site "Frankfurt-Sossenheim"]
[Date "2015.??.??"]
[Round "3.18"]
[White "Sciurti, Domenico"]
[Black "Loehr, Holger"]
[Result "1-0"]
[WhiteElo "1583"]
[BlackElo "1837"]
[PlyCount "150"]
[EventDate "2015.??.??"]
[WhiteTeam "SV Großauheim"]
[BlackTeam "SF Braunfels"]

1. d4 Nf6 2. Nf3 g6 3. Bf4 Bg7 4. e3 O-O 5. Be2 c5 6. c3 cxd4 7. exd4 d6 8. O-O
Qb6 9. Qb3 Qxb3 10. axb3 a6 11. Nbd2 Nc6 12. h3 Bf5 13. g4 Bd7 14. Rfe1 Rfe8
15. Bf1 Nd5 16. Bg3 h6 17. Bg2 Nb6 18. b4 Be6 19. Kh1 Nc4 20. Rab1 Nxd2 21.
Nxd2 Bd7 22. Nc4 Rad8 23. Nb6 Bf8 24. Ra1 Kg7 25. Nxd7 Rxd7 26. Bxd6 Rxd6 27.
d5 Nb8 28. c4 Rdd8 29. c5 Rc8 30. Red1 Red8 31. f4 Rc7 32. f5 g5 33. Kh2 Kh7
34. Kg3 Bg7 35. Rab1 Be5+ 36. Kf2 a5 37. bxa5 Rxc5 38. b4 Rc2+ 39. Kf1 Rb2 40.
Rxb2 Bxb2 41. Be4 Bc3 42. f6+ Kg8 43. fxe7 Re8 44. d6 Bxb4 45. d7 Nxd7 46. Rxd7
Rxe7 47. Rxe7 Bxe7 48. Bxb7 Bc5 49. a6 Kf8 50. Ke2 Ke7 51. Kd3 Kd6 52. Ke4 Ke6
53. Bd5+ Ke7 54. Kf5 Ba7 55. Bb7 Bb6 56. Ke4 Ke6 57. Bc8+ Ke7 58. Kd5 Kd8 59.
Bf5 Kc7 60. Ke5 Kd8 61. Kf6 Kc7 62. Kxf7 Kb8 63. Kg6 Ka7 64. Bd3 Be3 65. Kxh6
Bf4 66. Kh5 Be3 67. h4 gxh4 68. Kxh4 Bd2 69. g5 Bxg5+ 70. Kxg5 Kb6 71. Kf6 Ka7
72. Ke7 Kb6 73. Kd7 Ka7 74. Kc6 Kb8 75. Kb6 Ka8 1-0

[Event "HEM 2015 B Turnier"]
[Site "Frankfurt-Sossenheim"]
[Date "2015.??.??"]
[Round "3.19"]
[White "Slobodetski, Oleg"]
[Black "Koller, Wolfgang"]
[Result "1-0"]
[WhiteElo "1830"]
[BlackElo "1639"]
[PlyCount "105"]
[EventDate "2015.??.??"]
[WhiteTeam "SV Großauheim"]
[BlackTeam "SC Sulzbach"]

1. e4 d5 2. exd5 Qxd5 3. Nc3 Qa5 4. d4 c6 5. Nf3 Nf6 6. Bc4 Bf5 7. Bd2 Qc7 8.
Ne5 e6 9. g4 Be4 10. Nxe4 Nxe4 11. Bf4 Bd6 12. Qe2 Nf6 13. O-O-O b5 14. Bd3 Nd5
15. Bd2 Nd7 16. Nf3 Bf4 17. Kb1 a5 18. h4 Bxd2 19. Qxd2 Nf4 20. Ne5 Nxd3 21.
Nxd3 Qd6 22. Qe3 O-O 23. g5 Rae8 24. f4 g6 25. h5 f5 26. hxg6 Re7 27. Nc5 hxg6
28. Qh3 Rg7 29. Qe3 Kf7 30. Rd2 Re8 31. Re1 Qd5 32. Rde2 Rh7 33. Nxd7 Qxd7 34.
Qe5 Qe7 35. b3 a4 36. c3 axb3 37. axb3 Rh3 38. Kb2 Rh5 39. Kc2 Rh3 40. c4 bxc4
41. bxc4 Ra8 42. Qxe6+ Qxe6 43. Rxe6 Rh2+ 44. Kb3 Rh3+ 45. Kb4 Rb8+ 46. Kc5 Rh4
47. Rf6+ Kg7 48. Re7+ Kh8 49. Rxg6 Rxf4 50. Rf6 Rd8 51. g6 Rfxd4 52. g7+ Kh7
53. Rf8 1-0

[Event "HEM 2015 B Turnier"]
[Site "Frankfurt-Sossenheim"]
[Date "2015.??.??"]
[Round "3.20"]
[White "Mook, Karl-Juergen"]
[Black "Hirsch, Gabriel"]
[Result "0-1"]
[WhiteElo "1570"]
[BlackElo "1778"]
[PlyCount "132"]
[EventDate "2015.??.??"]
[WhiteTeam "SC Sulzbach"]
[BlackTeam "BG Buchen"]

1. e4 e5 2. Nf3 Nc6 3. Nc3 Nf6 4. g3 Be7 5. Bg2 d6 6. h3 O-O 7. O-O h6 8. d4
Nh7 9. dxe5 dxe5 10. Be3 Nf6 11. Qe2 a6 12. Rfd1 Bd6 13. Nh2 Qe7 14. Nd5 Nxd5
15. exd5 Nb8 16. Re1 f5 17. Rad1 e4 18. f4 Nd7 19. Kh1 Nf6 20. Nf1 Bd7 21. c4
b5 22. b3 Rab8 23. Bd4 c6 24. Bxf6 Qxf6 25. Qd2 Rfd8 26. Qd4 Qxd4 27. Rxd4 Bc5
28. Rdd1 Be8 29. Ne3 Bxe3 30. Rxe3 cxd5 31. cxd5 Rd6 32. g4 g6 33. gxf5 gxf5
34. Rg3+ Kf7 35. h4 Rbd8 36. Rc3 Rxd5 37. Rdc1 Rd1+ 38. Rxd1 Rxd1+ 39. Kh2 Bd7
40. Rc5 Rd2 41. a3 Ra2 42. b4 Rxa3 43. Re5 Rb3 44. Bxe4 fxe4 45. Rxe4 Be6 46.
Rd4 Rh3+ 47. Kg2 Rxh4 48. Kg3 Rh1 49. Rd6 Rb1 50. Rxa6 Rxb4 51. Ra7+ Kf6 52.
Rh7 Rb3+ 53. Kf2 Kg6 54. Re7 Bc4 55. Rc7 Kf5 56. Rc5+ Kxf4 57. Rh5 Rb2+ 58. Ke1
Re2+ 59. Kd1 Re6 60. Rh4+ Kg5 61. Rh2 Re2 62. Rh1 Rg2 63. Re1 h5 64. Re5+ Kg6
65. Re8 h4 66. Rh8 Kg5 0-1

[Event "HEM 2015 B Turnier"]
[Site "Frankfurt-Sossenheim"]
[Date "2015.??.??"]
[Round "3.21"]
[White "Boerkey, Luis"]
[Black "Lukas, Anne"]
[Result "0-1"]
[WhiteElo "1531"]
[BlackElo "1772"]
[PlyCount "110"]
[EventDate "2015.??.??"]
[WhiteTeam "Wiesbadener SV"]
[BlackTeam "SK Gernsheim"]

1. d4 Nf6 2. c4 c5 3. d5 b5 4. cxb5 a6 5. bxa6 Bxa6 6. Nf3 g6 7. e3 Bxf1 8.
Kxf1 d6 9. g3 Nbd7 10. Kg2 Bg7 11. Nc3 O-O 12. Re1 Qb6 13. a4 Rfb8 14. Nb5 Ne8
15. Ra3 Nc7 16. Nxc7 Qxc7 17. b3 Qb7 18. e4 Ne5 19. Nxe5 Bxe5 20. Re3 Bd4 21.
Rd3 Qb4 22. Qd2 Rc8 23. Ra2 Qb7 24. Bb2 Bxb2 25. Rxb2 Rcb8 26. Rc2 Ra6 27. Rcc3
Rb6 28. Qd1 Rb4 29. f3 Qa6 30. Qc2 Ra8 31. Qa2 c4 32. Rxc4 Rxc4 33. bxc4 Qxa4
34. Qxa4 Rxa4 35. Rc3 Ra5 36. Rb3 Rc5 37. Rb7 Kf8 38. Rb8+ Kg7 39. Rb7 Kf6 40.
Rb4 Rc7 41. Kf2 g5 42. Kg2 Ke5 43. h3 Kd4 44. g4 Kc3 45. Rb1 Ra7 46. Rc1+ Kb2
47. Rd1 Rc7 48. Rd4 Kc3 49. Rd1 Rxc4 50. Rc1+ Kd4 51. Rxc4+ Kxc4 52. Kg3 Kd3
53. f4 f6 54. fxg5 fxg5 55. Kf3 Kd4 0-1

[Event "HEM 2015 B Turnier"]
[Site "Frankfurt-Sossenheim"]
[Date "2015.??.??"]
[Round "3.22"]
[White "Soter, Ehrenfried"]
[Black "John, Volkmar"]
[Result "0-1"]
[WhiteElo "945"]
[BlackElo "1770"]
[PlyCount "84"]
[EventDate "2015.??.??"]
[WhiteTeam "SC Königsspringer Alzenau"]
[BlackTeam "SK Herborn"]

1. e4 c5 2. Nf3 d6 3. d4 cxd4 4. Nxd4 Nf6 5. Nc3 a6 6. a4 g6 7. Be3 Bg7 8. Bc4
Qc7 9. Bb3 O-O 10. O-O Nbd7 11. Nd5 Nxd5 12. Bxd5 Nf6 13. c3 Nxd5 14. exd5 Qc4
15. Nf3 Bf5 16. Re1 Rfe8 17. Qd2 Be4 18. Red1 Bxf3 19. gxf3 b5 20. Bd4 Qxd5 21.
axb5 axb5 22. Bxg7 Qxd2 23. Rxd2 Kxg7 24. Rxa8 Rxa8 25. Rd1 d5 26. b3 Rc8 27.
Rc1 b4 28. c4 dxc4 29. bxc4 b3 30. Kf1 b2 31. Rb1 Rxc4 32. Rxb2 Rh4 33. Rb7 e6
34. Rb3 Rxh2 35. Ke2 Rh1 36. Rc3 h5 37. Rd3 g5 38. Rd1 Rxd1 39. Kxd1 Kf6 40.
Ke1 Kf5 41. Kf1 Kf4 42. Kg2 h4 0-1

[Event "HEM 2015 B Turnier"]
[Site "Frankfurt-Sossenheim"]
[Date "2015.??.??"]
[Round "3.23"]
[White "Goebel, Knut"]
[Black "Mattusch, Ralf"]
[Result "1-0"]
[WhiteElo "1728"]
[BlackElo "1572"]
[Annotator "Lotz,Kolja Alecsander"]
[PlyCount "41"]
[EventDate "2015.??.??"]
[WhiteTeam "SC Ober-Ramstadt"]
[BlackTeam "SK Fürth"]

1. d4 d5 2. c4 e6 3. Nc3 Nf6 4. cxd5 exd5 5. Bg5 c6 6. Qc2 Be7 7. e3 O-O 8. Bd3
h6 9. Bh4 Nbd7 10. Nf3 Re8 11. O-O Nf8 12. h3 Be6 13. a3 Rc8 14. b4 N8d7 15.
Na4 Nh5 16. Bxe7 Qxe7 17. Nc5 Nxc5 18. bxc5 b5 19. a4 a6 20. axb5 axb5 21. Ra6
{Handyklingeln bei Schwarz} 1-0